LEADER 03496nam2 22004933i 450 001 BVEE043452 005 20170908093223.0 012 $a37o- x-li rire quto (7) 1612 (R)$2fei$9Vol. 4 100 $a20050202d1612 ||||0itac50 ba 101 | $alat 102 $ade 181 1$6z01$ai $bxxxe 182 1$6z01$an 200 1 $a˜4: Venerabilis Bedae Anglo-Saxonis presbyteri in omni disciplinarum genere sua aetate doctissimi œoperum tomus quartus; continens commentarios in Vetus Testamentum, quorum ordo tertia pagina docetur 210 $aColoniae Agrippinae$csumptibus Antonij Hierati, & Ioannis Gymnici$d1612 215 $a[2] c., 916 \i.e. 918, 2! col 300 $aCifre e marca di Johann Gymnich (Cavallo marino con scettro e una gru con un serpente nel becco: Discite iusticiam moniti) sul front 300 $aSegn.: π² A-2O⁶ 2P⁸ 300 $aRipetute nella numerazione le col. 725-726. 316 $av. 4; legato con il v. 3; sul v. della c. di guardia posteriore: timbro (Nola-S. Eframo 1973)$5IT-NA0074, SM 6F 00032 316 $av. 4. - Timbro BR Neapolis sul front. - Legato con il v. 5. - Mutilo della c. [pigreco]2.$5IT-NA0079, SALA FARN.07. H 0030 461 1$1001BVEE043447$12001 $a˜Venerabilis Bedae presbyteri Anglo-Saxonis viri sua aetate doctissimi, œopera quotquot reperiri potuerunt omnia$v4 620 $dColonia$3RMLL000779 700 0$aBeda : Venerabilis$3CFIV059712$4070$0157888 712 02$aGymnich, Johann$d <4.> & Hierat, Anton <1.>$3TO0V404085 790 0$aBeda$c $3CFIV059713$zBeda : Venerabilis 790 0$aVenerabile Beda$3CFIV156056$zBeda : Venerabilis 790 0$aBède$c $3CFIV206648$zBeda : Venerabilis 790 0$aBède : le Vénérable$3CFIV206649$zBeda : Venerabilis 790 0$aBeda$f $3CFIV282450$zBeda : Venerabilis 790 0$aBeda : il Venerabile$3CFIV289634$zBeda : Venerabilis 791 02$aHierat, Anton <1.> & Gymnich, Johann <4.>$3BVEV093178$zGymnich, Johann <4.> & Hierat, Anton <1.> 791 02$aHierat, Antonius & Gymnicus Joannes$3CFIV315277$zGymnich, Johann <4.> & Hierat, Anton <1.> 801 3$aIT$bIT-NA0079$c20050202 850 $aIT-NA0074$aIT-NA0079 899 1$aBiblioteca Nazionale Vittorio Emanuele III$bNA0079$eS$uhttp://books.google.com/books?vid=IBNN:BNANT001740434 912 $aBVEE043452 921 $aSBNM000001$bMarca non controllata$cS2$dSul front. 950 2$aBiblioteca Provinciale Laurenziana$b1 esemplare (di cui solo i v. 3-8)$cv. 3-8$d 91SM 6F 00032$e 91ANT0000018415 B (0004 v. 4; legato con il v. 3; sul v. della c. di guardia posteriore: timbro (Nola-S. Eframo 1973)$fZ $h20150304$i20150304$lsul v. della c. di guardia posteriore: timbro (Nola-S. Eframo 1973)$mTimbri conventuali e di ordini religiosi 950 2$aBiblioteca Nazionale Vittorio Emanuele III$cv. 4.$d BNSALA FARN.07. H 0030$e BNANT0017404345 B (1 v. 4. - Timbro BR Neapolis sul front. - Legato con il v. 5. - Mutilo della c. [pigreco]2.$fC $h20050202$i20050202 956 $aBiblioteca Nazionale Vittorio Emanuele III$b1$c$d$eBNANT001740434$uhttp://books.google.com/books?vid=IBNN:BNANT001740434$z BNSALA FARN.07. H 0030 977 $a 91$a BN 996 $aOperum tomus quartus; continens commentarios in Vetus Testamentum, quorum ordo tertia pagina docetur$91481620 997 $aUNISANNIO